00631nam a2200193 a 4500020001800000082001600018100001700034245006600051260003600117300000900153500003500162505001800197650002200215650003200237700001700269942000700286952012900293999001500422 a0144620 00a291.17bHAY aHay, Stephen aSources of Indian Tradition, Vol.2 Modern India and Pakistan. aNew DelhibPenguin Books c1991 a228p aincludes index and biblioraphy2 aBiblio, Index aIndia-Nationalism aIndia-Religion and Politics1 aHay, Stephen cBK 001040708StackRoom-aHMIbHMId2007-07-20g175.00l2o291.17 HAYp014819r2020-01-28s2020-01-21v175.00w2005-05-24yBK c8643d8643